1406 1340 1435 1757 1933 1768 1047 1613 1588 1455 1424 1736 1289 1292 1279 1598 1190 1840 1322 1255 1311 1009 1305 1422 1806 1661 1466 1815 1239 1217 1693 1203 1754 1508 1639 1331 1788 1309 1965 1987 1609 1000 1043 1830 1922 1802 1864 1497 1048 1694 1770 1637 1366 1650 1678 1101 1283 1362 1917 1610 1239 1453 1417 1721 1956 1151 1440 1282 1736 1137 1568 1700 1339 1178 1253 1094 1200 1596 1497 1081 1732 1178 1022 1978 1393 1171 1352 1813 1934 1948 1780 1680 1589 1597 1593 1540 1913 1496 1179 BCNSPRNW ULIB Ver.6.0+V

เปลี่ยนเป็นภาษาไทย

Change to English
 แสดงรายละเอียดบรรณานุกรม
  กลับหน้าหลัก

Brief Record : Get Marc (ISO 2709) : E-mail record : QR code < ปิดหน้าต่าง
LEADER : 00000nam 2200000uu 4500
001    13399126196
003     ULIB
008    180716s2013||||th 000 0 tha d
020    ^a9780521739191
050 00 ^aPE1128^bC172^cV.7
245 10 ^aCambridge practice tests for IELTS 7
260    ^aCambridge :^bCambridge University Press,^c2013
300    ^a176 p.:^bill. ;^c25 cm.
650 00 ^aInternational English Language Testing System.
650 00 ^aEnglish language^xExaminations, questions, etc.
650 00 ^aEnglish language^xTextbooks for foreign speakers
945    ^p0^l0^i26414
999    ^aกัณชพร จุลอักษร
รายการนี้ยังไม่มีแท็ก
คุณยังไม่ได้ล็อกอิน คุณสามารถมีกิจกรรมร่วมกับเว็บไซต์ได้ แต่ต้องล็อกอินก่อน ::
  ล็อกอิน

รายการสื่อสารสนเทศ

ลำดับที่ ประเภท เลขเรียก/บาร์โค้ด สถานที่ สถานะ
1. วิทยาศาสตร์การแพทย์ และสุขภาพ
วิทยาศาสตร์การแพทย์ และสุขภาพ
PE1128 C172 V.7 ฉ.1 
  Barcode: 26414
ห้องสมุดวิทยาเขตนครสวรรค์
►หนังสือทั่วไป:l:General Books
บนชั้น

รายการใกล้เคียง
    ชื่อเรื่อง [Cambridge practice tests for IELTS 7]

    หัวเรื่อง [International English Language Testing System.]

BibComment


ยังไม่เคยถูกคอมเมนท์

คอมเมนท์ทรัพยากรรายการนี้
  คอมเมนท์: Cambridge practi..


 Copyright 2026. Bcnsprnw @Library